[Event "W-ch Disabled"]
[Site "Dresden"]
[Date "2013.10.26"]
[Round "5"]
[White "Balberov, Alecsey"]
[Black "Obodchuk, Andrei"]
[Result "1/2-1/2"]
[WhiteElo "2252"]
[BlackElo "2414"]
[PlyCount "60"]
[EventDate "2013.10.22"]
[EventType "swiss"]
[EventRounds "7"]
[EventCountry "GER"]
[SourceTitle "CBM 157 Extra"]
[Source "ChessBase"]
[SourceDate "2013.12.19"]
[SourceVersion "1"]
[SourceVersionDate "2013.12.19"]
[SourceQuality "1"]

1. c4 Nf6 2. Nf3 g6 3. Nc3 d5 4. cxd5 Nxd5 5. e4 Nxc3 6. dxc3 Qxd1+ 7. Kxd1 f6 8. h3 e5 9. Bc4 Bc5 10. Ke2 a5 11. Bh6 Ke7 12. Rhd1 Be6 13. Bxe6 Kxe6 14. Be3 Bxe3 15. Kxe3 Nd7 16. Ne1 Nc5 17. Nd3 Nxd3 18. Rxd3 Rhd8 19. Rad1 Rxd3+ 20. Rxd3 a4 21. g3 Ra6 22. Kd2 Rd6 23. Rxd6+ Kxd6 24. c4 Kc5 25. Kc3 c6 26. b4+ axb3 27. axb3 b5 28. b4+ Kd6 29. g4 g5 30. f3 Ke6 1/2-1/2

[Event "RUS-ch sf Urals 60th"]
[Site "Nizhnij Tagil"]
[Date "2007.03.22"]
[Round "9"]
[White "Balberov, Alecsey"]
[Black "Krutko, Anatoly"]
[Result "0-1"]
[WhiteElo "2265"]
[BlackElo "2351"]
[PlyCount "148"]
[EventDate "2007.03.14"]
[EventType "swiss"]
[EventRounds "9"]
[EventCountry "RUS"]
[SourceTitle "CBM 117 Extra"]
[Source "ChessBase"]
[SourceDate "2007.05.09"]
[SourceVersion "1"]
[SourceVersionDate "2007.05.09"]
[SourceQuality "1"]

1. d4 d6 2. Nf3 Nf6 3. Bg5 Nbd7 4. e3 e5 5. Bc4 Be7 6. dxe5 dxe5 7. Nc3 0-0 8. 0-0 c6 9. e4 b5 10. Bd3 Qc7 11. Re1 Nc5 12. Bf1 Rd8 13. Qc1 Bg4 14. Qe3 Ne6 15. Bxf6 Bxf6 16. Ne2 Bxf3 17. Qxf3 Rd2 18. Qc3 Rad8 19. Ng3 Qb6 20. Re2 R2d7 21. Nf5 g6 22. Ne3 Nc5 23. Ng4 Bg7 24. Qf3 Ne6 25. Ree1 Rd2 26. Bd3 h5 27. Ne3 Bh6 28. Red1 Bxe3 29. Qxe3 Rxd1+ 30. Rxd1 Qxe3 31. fxe3 Nc5 32. Rc1 Nxd3 33. cxd3 Rxd3 34. Rxc6 Rxe3 35. Rc5 a6 36. Rxe5 Re1+ 37. Kf2 Rb1 38. a4 Rxb2+ 39. Kf3 Rb3+ 40. Kf4 bxa4 41. Ra5 a3 42. Rxa6 Rb2 43. Kf3 a2 44. Ra8+ Kg7 45. e5 h4 46. h3 Kh6 47. Ra5 Rc2 48. Ra4 Kg5 49. Ra5 Kf5 50. g4+ hxg3 51. Kxg3 Ke4 52. h4 Kd4 53. Kg4 Kc3 54. Ra7 Kb2 55. Rb7+ Kc3 56. Ra7 Kb2 57. Rb7+ Ka3 58. Ra7+ Kb3 59. Rb7+ Kc4 60. Ra7 Kd5 61. Ra5+ Ke4 62. Kg5 Rf2 63. Kg4 Rd2 64. Kg5 Rf2 65. Kg4 Rg2+ 66. Kh3 Re2 67. Kg4 Kd4 68. Kf3 Rh2 69. Kg3 Rb2 70. Kg4 Kc4 71. Ra7 Rf2 72. Kg3 Rd2 73. Kg4 Rd4+ 74. Kg5 Kb3 0-1

[Event "RUS-ch sf Urals 60th"]
[Site "Nizhnij Tagil"]
[Date "2007.03.18"]
[Round "5"]
[White "Balberov, Alecsey"]
[Black "Pogromsky, Mikhail"]
[Result "0-1"]
[WhiteElo "2265"]
[BlackElo "2384"]
[PlyCount "114"]
[EventDate "2007.03.14"]
[EventType "swiss"]
[EventRounds "9"]
[EventCountry "RUS"]
[SourceTitle "CBM 117 Extra"]
[Source "ChessBase"]
[SourceDate "2007.05.09"]
[SourceVersion "1"]
[SourceVersionDate "2007.05.09"]
[SourceQuality "1"]

1. d4 Nf6 2. Nf3 e6 3. e3 b6 4. Bd3 Bb7 5. 0-0 Be7 6. Nbd2 c5 7. c3 Nc6 8. Ne5 Qc7 9. f4 0-0 10. Qe2 d6 11. Nxc6 Bxc6 12. e4 Rfe8 13. e5 Nd7 14. Ne4 Rac8 15. Bd2 b5 16. Rf3 cxd4 17. cxd4 f5 18. exf6 Bxf6 19. Rh3 Bxd4+ 20. Kh1 Nf8 21. Qh5 g6 22. Qg5 Bxe4 23. Bxe4 Qc5 24. Qxc5 dxc5 25. Rb1 Nd7 26. Rd3 Nf6 27. Bf3 Red8 28. Ba5 c4 29. Bxd8 cxd3 30. Bxf6 Bxf6 31. Rd1 Rd8 32. Rd2 e5 33. g3 exf4 34. gxf4 Rd4 35. Kg2 Bd8 36. b4 Bc7 37. Bc6 Bxf4 38. Rd1 a6 39. Bb7 Rd6 40. Kf3 g5 41. h4 h6 42. hxg5 hxg5 43. Ke4 d2 44. Bd5+ Kg7 45. Ra1 Kf6 46. Bb3 Rc6 47. Rf1 Rc1 48. Rd1 Rc3 49. Kd4 Rc1 50. Ke4 Kg6 51. Kf3 Kf5 52. Ke2 Ke5 53. Bf7 Kd4 54. Be6 Kc3 55. Bc8 Kc2 56. Bf5+ Kb2 57. Be6 Ka3 0-1